000 00544 a2200181 4500
082 _a622.13
_bD494g
100 _aDavid, Michael, 1945
_911895
245 _aGeostastical ore reserve estimation
260 _aAmsterdam
_bElsevier Scientific
_c1977
300 _axix, 364p.
_bdiagrs.,
440 _aDevelopments in geomathematics;
_n2
_911896
504 _aBibliography : p. 347-356
650 _aMine valuation
_911897
650 _aMines and mineral resources
_98790
650 _astatistical methods
653 _aMines
942 _2ddc
_cGEN
999 _c55101
_d55097